| 000 | 00351cam a22001097a 4500 | ||
|---|---|---|---|
| 008 | 180718b1988 xxu||||| |||| 00| 0 eng d | ||
| 082 | _aA75 Ut8V/S | ||
| 245 |
_aUttar Pradesh district gazetteers: Varanasi (supplementary) _cedited by Ram Swaroop |
||
| 260 |
_aLucknow _bDepartment of District Gazetteers _c1988 |
||
| 300 | _a118+p | ||
| 700 | _aSwaroop, Ram | ||
| 999 |
_c487068 _d487068 |
||